00000000nam 2200000zi 4500
0019.938540
003CaOODSP
00520250108090719
006m     o  d f      
007cr mn|||||||||
008240523e19790430onc     ob   f000 0 eng d
040 |aCaOODSP|beng|erda|cCaOODSP
043 |an-cn---
045 |ax7x7
0861 |aId46-36/1979E-PDF
24500|aDouble-knit fabrics : |breport to the Minister of Industry, Trade and Commerce pursuant to Section 19 of the Textile and Clothing Board Act respecting double-knit fabrics.
24614|aDouble-knit fabrics : |ba report to the Minister of Industry, Trade and Commerce
264 1|aOttawa, Canada : |bTextile and Clothing Board = Commission du textile et du vêtement, |cApril 30, 1979.
300 |a1 online resource (31 pages)
336 |atext|btxt|2rdacontent
337 |acomputer|bc|2rdamedia
338 |aonline resource|bcr|2rdacarrier
500 |aIssued also in French under title: Tricots doubles : rapport au ministre de l'Industrie et du commerce conformément a l'article 19 de la Loi sur la Commission du textile et du vêtement concernant les tricots doubles.
500 |aDigitized edition from print [produced by Innovation, Science and Economic Development Canada].
504 |aIncludes bibliographical references.
650 0|aKnit goods industry|zCanada.
650 0|aKnit goods|zCanada.
7101 |aCanada. |bTextile and Clothing Board, |eissuing body.
77508|tTricots doubles : |w(CaOODSP)9.946605
85640|qPDF|s457 KB|uhttps://publications.gc.ca/collections/collection_2025/isde-ised/Id46-36-1979-eng.pdf